UBT Library

Der blick des einbrechers : (Record no. 358)

000 -LEADER
fixed length control field 00598nam a22001937a 4500
008 - FIXED-LENGTH DATA ELEMENTS--GENERAL INFORMATION
fixed length control field 131126b xxu||||| |||| 00| 0 ger d
020 ## - INTERNATIONAL STANDARD BOOK NUMBER
International Standard Book Number 9783708305370
041 0# - LANGUAGE CODE
Language code of text/sound track or separate title ger
080 ## - UNIVERSAL DECIMAL CLASSIFICATION NUMBER
Universal Decimal Classification number 343.7
100 1# - Rafti
Rafti Schlembach, Christopher
245 10 - TITLE STATEMENT
Title Der blick des einbrechers :
Statement of responsibility, etc Christopher Schlembach
260 ## -
-- Wien :
-- NWV verlag ;
-- 2008.
300 ## -
-- 206 f. :
-- 22 cm.
500 ## -
-- Vorwort des KfV : f. 3
500 ## -
-- Vorwort des autors : f. 7-8
505 ## -
-- Literatur : f. 193-198
650 #0 -
-- E drejta penale
942 ## - ADDED ENTRY ELEMENTS (KOHA)
Source of classification or shelving scheme
Item type Books
Holdings
Withdrawn status Lost status Source of classification or shelving scheme Damaged status Not for loan Collection code Permanent location Current location Shelving location Date acquired Total Checkouts Full call number Barcode Date last seen Price effective from Koha item type
          Koleksioni i përgjithshem UBT - Prishtine UBT - Prishtine Koleksioni i përgjithshem 11/26/2013   343.7 SCHL 001-000476 11/26/2013 11/26/2013 Books
UBT Library © 2015-2024. All rights reserved University Education for Business and Technology